000 00728nam a2200205 a 4500
005 20250311063803.0
008 051003s2003 mx r 000 0 spa d
020 _a9701508750
035 _aUPN01000140440
049 _aCG
050 4 _aHC79 I5.5
_bG6.2
100 1 _aGómez Vieites, Alvaro,
_d1971-
_938260
245 1 4 _aLas claves de la economía digital :
_buna reflexión sobre los nuevos retos que deben afrontar las organizaciones en la sociedad de la información /
_cAlvaro Gómez Vieites.
260 _aMéxico :
_bAlfaomega,
_c2003.
300 _a248 p.
650 4 _aTecnología de la información
_xAspectos sociales
_96036
650 4 _aInternet
_9547
650 2 _aComercio electrónico
_98986
905 _aLibro
999 _c112588
_d112588